Every Charlotte Hornets AllStar. - Statistics

General Stats
  • This quiz has been taken 15 times
  • The average score is 5 of 8
Answer Stats
Year/Years Number of AllStars Player % Correct
1993,1994 2x Alonzo Mourning
83%
1992,1994 2x Larry Johnson
83%
1995,1996,1997 3x Glen Rice
67%
2016,2017,2018 3x Kemba Walker
67%
2021 1x LaMelo Ball
67%
2001 1x Baron Davis
50%
2009 1x Gerald Wallace
33%
1999 1x Eddie Jones
17%
No matching quizzes found
Score Distribution
Percent of People with Each Score
Percentile by Number Answered
Your Score History
You have not taken this quiz